• 首页
  • 本馆介绍
  • 公告通知
  • 最新文献
  • 馆藏检索
  • 电子资源
  • 读者导购
  • 参考咨询
  • 我的图书馆
  • 登录
  • 详细信息显示
  • 放入我的书架
  • 预约/预借图书
  • 作者相关作品
  • 分类相关作品
  • 丛书相关作品
  • 出版社相关作品

书目信息

  • 表格格式
  • 工作单格式
  • 卡片格式
题名:
经典发隐
    
 
作者: 杨仁山 著 ;梅愚 校点
分册:  
出版信息: 武汉   崇文书局  2016
页数: 160页
开本: 21cm
丛书名: 禅解儒道丛书
单 册:
中图分类: B948-53
科图分类:
主题词: 佛教--fo jiao--文集
电子资源:
ISBN: 978-7-5403-4202-9
000 00883nam0 22002651 450
001 0120082233
005 20170320082233.0
010    @a978-7-5403-4202-9@dCNY22.00
100    @a20161020d2016 em y0chiy50 ea
101 0  @achi
102    @aCN@b420000
105    @ay z 000yy
106    @ar
200 1  @a经典发隐@9jing dian fa yin@f杨仁山著@g梅愚校点
210    @a武汉@c崇文书局@d2016
215    @a160页@d21cm
225 2  @a禅解儒道丛书@9chan jie ru dao cong shu
330    @a本书包括《论语发隐》《孟子发隐》《阴符经发隐》《道德经发隐》《冲虚经发隐》《南华经发隐》,以金陵刻经处《杨仁山居士遗著》第五册和第六册为底本。
461  0 @12001 @a禅解儒道丛书
606 0  @a佛教@9fo jiao@j文集
690    @aB948-53@v5
701  0 @a杨仁山@9yang ren shan@f(1837~1911)@4著
702  0 @a梅愚@9mei yu@4校点
801  0 @aCN@bTANGWEI@c20170308
905    @b0957279-81@dB948-53@e386@f3
    
    经典发隐/杨仁山著/梅愚校点.-武汉:崇文书局,2016
    160页;21cm.-(禅解儒道丛书)
    
    
    ISBN 978-7-5403-4202-9:CNY22.00
    本书包括《论语发隐》《孟子发隐》《阴符经发隐》《道德经发隐》《冲虚经发隐》《南华经发隐》,以金陵刻经处《杨仁山居士遗著》第五册和第六册为底本。
●
相关链接 在E读中查询图书 在五车中查询图书 在当当中查询图书 在豆瓣中查询图书


正题名:经典发隐     索取号:B948-53/386         预约/预借

序号 登录号 条形码 馆藏地/架位号 状态 备注
1 0957279   209572791   不外借—密集书库/ [索取号:B948-53/386] 在馆    
2 0957280   209572808   不外借—密集书库/ [索取号:B948-53/386] 在馆    
3 0957281   209572817   不外借—密集书库/ [索取号:B948-53/386] 在馆    
唐山师范学院图书馆 欢迎您!
大连网信软件有限公司© 版权所有